00407nam a2200121Ia 4500008004100000024004100041082001600082100004900098245005400147260002500201600002100226650003800247250506s9999 xx 000 0 und d a12B-71-BS, 12B-60-BS & 12B-74-BS a004.072 MUH aMuhammad Faique, Noman Khan & Faraz Umer Ata 0aIntelligent Human Resource Management (code book) aKarachi:bUIT,c2012 aComputer Science aBachelor of Computer Science (BS)